000 00454nam a2200181Ia 4500
005 20250923150331.0
008 008 250917s9999 xx 000 0 eng d
037 _aTextual
040 _aDSWL
_beng
_cDSWL
041 _aeng
_2eng
084 _qDSWL
100 _aDhirajlal, R
_9844807
245 4 _aThe Law of torts
_cby R Dhirajlal
260 _aNagpur
_bWadhwald 1984
_c1984
300 _a609p.
942 _cTEXL
999 _c1462294
_d1462294